[Event "London Classic ENG v ROW"]
[Site "London"]
[Date "2021.12.03"]
[Round "1.1"]
[White "Adams, Michael"]
[Black "Gelfand, Boris"]
[Result "1/2-1/2"]
[WhiteElo "2700"]
[BlackElo "2663"]
[PlyCount "93"]
[EventDate "2021.12.03"]
[EventType "schev"]
[EventRounds "6"]
[EventCountry "ENG"]
[WhiteTeam "England"]
[BlackTeam "Rest of World"]
[WhiteTeamCountry "ENG"]

1. e4 c5 2. Nf3 Nc6 3. Bb5 e6 4. O-O Nge7 5. Re1 a6 6. Bxc6 Nxc6 7. d4 cxd4 8.
Nxd4 d6 9. Nxc6 bxc6 10. c4 Be7 11. Nc3 O-O 12. Be3 c5 13. Qd3 Bb7 14. Rad1 Bf6
15. Qxd6 Qxd6 16. Rxd6 Bxc3 17. bxc3 Bxe4 18. Bxc5 Rfc8 19. Bd4 Rab8 20. h4 Rb1
21. Rxb1 Bxb1 22. Rxa6 Bd3 23. a4 Bxc4 24. Rb6 f6 25. a5 e5 26. Be3 Ra8 27. Rc6
Bb5 28. Rc5 Ba6 29. Rc6 Bb5 30. Rc5 Ba6 31. Kh2 h5 32. f4 Rc8 33. fxe5 Rxc5 34.
Bxc5 fxe5 35. Bd6 Kf7 36. Bxe5 g6 37. Kg3 Ke6 38. Kf4 Bb7 39. g3 Ba6 40. Ke4
Bb7+ 41. Kd4 Bg2 42. a6 Bf1 43. a7 Bg2 44. Bf4 Ba8 45. Kc5 Bg2 46. Kb6 Kd7 47.
Kc5 1/2-1/2

[Event "London Classic ENG v ROW"]
[Site "London"]
[Date "2021.12.03"]
[Round "1.2"]
[White "Jones, Gawain C B"]
[Black "Vitiugov, Nikita"]
[Result "1/2-1/2"]
[WhiteElo "2665"]
[BlackElo "2731"]
[PlyCount "82"]
[EventDate "2021.12.03"]
[EventType "schev"]
[EventRounds "6"]
[EventCountry "ENG"]
[WhiteTeam "England"]
[BlackTeam "Rest of World"]
[WhiteTeamCountry "ENG"]

1. e4 c5 2. Nf3 d6 3. Bb5+ Nd7 4. Ba4 Ngf6 5. O-O a6 6. c4 g6 7. d4 cxd4 8.
Qxd4 Bg7 9. Bxd7+ Bxd7 10. Nc3 O-O 11. Rd1 Bg4 12. Bg5 Bxf3 13. gxf3 h6 14.
Bxf6 Bxf6 15. Qe3 Rc8 16. Qxh6 Rxc4 17. Nd5 e6 18. Nxf6+ Qxf6 19. Qe3 Qxb2 20.
Rab1 Qc2 21. Qb3 Qxb3 22. Rxb3 b5 23. Rxd6 Ra4 24. a3 Rc8 25. Kg2 Rc7 26. Rb6
Kg7 27. Re3 g5 28. Rd3 Kf6 29. Kg3 Ke5 30. h3 Rc1 31. Kg2 Ra1 32. Rd7 Rc4 33.
Rxf7 Rcc1 34. f4+ gxf4 35. Rxa6 Rg1+ 36. Kf3 Rab1 37. Re7 Rb3+ 38. Ke2 Rb2+ 39.
Kf3 Rb3+ 40. Ke2 Rb2+ 41. Kf3 Rb3+ 1/2-1/2

[Event "London Classic ENG v ROW"]
[Site "London"]
[Date "2021.12.03"]
[Round "1.3"]
[White "McShane, Luke J"]
[Black "Lagarde, Maxime"]
[Result "0-1"]
[WhiteElo "2655"]
[BlackElo "2638"]
[PlyCount "42"]
[EventDate "2021.12.03"]
[EventType "schev"]
[EventRounds "6"]
[EventCountry "ENG"]
[WhiteTeam "England"]
[BlackTeam "Rest of World"]
[WhiteTeamCountry "ENG"]

1. e4 c5 2. Nf3 e6 3. g3 d5 4. exd5 exd5 5. d4 cxd4 6. Nxd4 Nc6 7. Bg2 Bc5 8.
Nxc6 bxc6 9. O-O Nf6 10. c4 O-O 11. cxd5 Ba6 12. Re1 cxd5 13. Nc3 Qb6 14. Be3
d4 15. Na4 dxe3 16. Nxb6 exf2+ 17. Kh1 fxe1=Q+ 18. Qxe1 Bxb6 19. Bxa8 Rxa8 20.
h3 Re8 21. Qd1 Re2 0-1

[Event "London Classic ENG v ROW"]
[Site "London"]
[Date "2021.12.04"]
[Round "2.1"]
[White "Lagarde, Maxime"]
[Black "Jones, Gawain C B"]
[Result "0-1"]
[WhiteElo "2638"]
[BlackElo "2665"]
[PlyCount "68"]
[EventDate "2021.12.03"]
[EventType "schev"]
[EventRounds "6"]
[EventCountry "ENG"]
[WhiteTeam "Rest of World"]
[BlackTeam "England"]
[BlackTeamCountry "ENG"]

1. d4 Nf6 2. c4 g6 3. Nc3 Bg7 4. e4 d6 5. Nf3 O-O 6. Be2 e5 7. O-O Nc6 8. d5
Ne7 9. b4 a5 10. bxa5 Rxa5 11. a4 Ne8 12. Nd2 Ra8 13. a5 c5 14. dxc6 Nxc6 15.
Nb3 Nxa5 16. Be3 Be6 17. Nd5 Nc6 18. Bb6 Rxa1 19. Qxa1 Qh4 20. Bf3 f5 21. g3
Qh6 22. Qa8 Bxd5 23. exd5 e4 24. Be3 g5 25. dxc6 exf3 26. h4 Nc7 27. Qxf8+ Kxf8
28. cxb7 Na6 29. c5 Qe6 30. c6 Qxb3 31. Rc1 Bc3 32. Bd2 Qb2 33. b8=Q+ Qxb8 34.
Bxc3 gxh4 0-1

[Event "London Classic ENG v ROW"]
[Site "London"]
[Date "2021.12.04"]
[Round "2.2"]
[White "Vitiugov, Nikita"]
[Black "Adams, Michael"]
[Result "1/2-1/2"]
[WhiteElo "2731"]
[BlackElo "2700"]
[PlyCount "65"]
[EventDate "2021.12.03"]
[EventType "schev"]
[EventRounds "6"]
[EventCountry "ENG"]
[WhiteTeam "Rest of World"]
[BlackTeam "England"]
[BlackTeamCountry "ENG"]

1. e4 e5 2. Nf3 Nc6 3. Bb5 a6 4. Ba4 Nf6 5. O-O Be7 6. Re1 b5 7. Bb3 O-O 8. a4
b4 9. d4 d6 10. dxe5 Nxe5 11. Bf4 Ng6 12. Bg3 Bb7 13. Nbd2 Nd7 14. a5 Rb8 15.
c3 bxc3 16. bxc3 Bf6 17. Qc2 h5 18. h3 h4 19. Bh2 Nc5 20. Bc4 Re8 21. Re3 Qd7
22. Rae1 Qa4 23. Qxa4 Nxa4 24. e5 dxe5 25. Bxe5 Nxe5 26. Nxe5 Bxe5 27. Rxe5
Rxe5 28. Rxe5 Nxc3 29. Rc5 Rc8 30. Rf5 Rf8 31. Rc5 Rc8 32. Rf5 Rf8 33. Rc5
1/2-1/2

[Event "London Classic ENG v ROW"]
[Site "London"]
[Date "2021.12.04"]
[Round "2.3"]
[White "Gelfand, Boris"]
[Black "McShane, Luke J"]
[Result "0-1"]
[WhiteElo "2663"]
[BlackElo "2655"]
[PlyCount "132"]
[EventDate "2021.12.03"]
[EventType "schev"]
[EventRounds "6"]
[EventCountry "ENG"]
[WhiteTeam "Rest of World"]
[BlackTeam "England"]
[BlackTeamCountry "ENG"]

1. d4 Nf6 2. c4 e6 3. Nf3 b6 4. g3 Bb7 5. Bg2 Be7 6. O-O O-O 7. Re1 Na6 8. h4
Re8 9. Nc3 Ne4 10. Bf4 Nxc3 11. bxc3 Be4 12. a4 c5 13. d5 exd5 14. cxd5 Bf6 15.
Qb3 c4 16. Qxc4 Nc5 17. Bg5 Rc8 18. Bxf6 Qxf6 19. Qd4 Nb3 20. Qxf6 gxf6 21. Ra3
Bxd5 22. Nd4 Nxd4 23. cxd4 Bxg2 24. Kxg2 Rc4 25. e3 Rxd4 26. Raa1 Rd5 27. Reb1
Rc8 28. Rb4 Rcc5 29. g4 Kg7 30. Rf4 h6 31. Kf3 f5 32. g5 hxg5 33. hxg5 f6 34.
Rg1 fxg5 35. Rxg5+ Kf6 36. Rh5 Ke7 37. Kg3 Kd6 38. Kh4 Re5 39. Kg5 Re4 40. Rh6+
Kc7 41. Rh1 Ra5 42. Rxf5 Raxa4 43. Rd1 Rac4 44. f4 Rxe3 45. Rf7 a5 46. Rfxd7+
Kc6 47. f5 Rg3+ 48. Kf6 Rf3 49. R7d6+ Kb5 50. Re6 Rb4 51. Re5+ Ka6 52. Ke7 Rbf4
53. Ke6 a4 54. Rd8 a3 55. Kf6 Rc4 56. Kg5 Rg3+ 57. Kf6 Rc7 58. Re4 Rf3 59. Ra4+
Kb5 60. Rda8 Rc5 61. Rxa3 Rcxf5+ 62. Ke6 Rxa3 63. Rxa3 Rh5 64. Kd6 Kc4 65. Ra4+
Kb3 66. Ra1 b5 0-1

[Event "London Classic ENG v ROW"]
[Site "London"]
[Date "2021.12.05"]
[Round "3.1"]
[White "Adams, Michael"]
[Black "Lagarde, Maxime"]
[Result "1/2-1/2"]
[WhiteElo "2700"]
[BlackElo "2638"]
[PlyCount "129"]
[EventDate "2021.12.03"]
[EventType "schev"]
[EventRounds "6"]
[EventCountry "ENG"]
[WhiteTeam "England"]
[BlackTeam "Rest of World"]
[WhiteTeamCountry "ENG"]

1. e4 c5 2. Nf3 e6 3. d4 cxd4 4. Nxd4 Nc6 5. Nc3 Qc7 6. f4 a6 7. Nxc6 bxc6 8.
Bd3 d5 9. O-O Nf6 10. Qe2 Be7 11. Bd2 c5 12. b3 O-O 13. Rae1 c4 14. bxc4 dxc4
15. Bxc4 Bb7 16. e5 Nd7 17. Ne4 Rac8 18. Bd3 Bxe4 19. Bxe4 Nc5 20. Bf3 Rfd8 21.
Rf2 Na4 22. Qxa6 Nb6 23. Kh1 Qxc2 24. Be3 Qc3 25. Rfe2 Nc4 26. Bf2 Nb2 27. Be4
Nd1 28. Bg1 g6 29. Rf1 Qc4 30. Bb7 Qxa6 31. Bxa6 Rc1 32. g3 h5 33. a4 Bb4 34.
Kg2 Ba5 35. h3 Rc3 36. Rf3 Rb8 37. Bb5 Rc1 38. Rf1 Rd8 39. g4 hxg4 40. hxg4 Rd5
41. f5 gxf5 42. gxf5 exf5 43. Rxf5 Nc3 44. Rb2 Nd1 45. Re2 Nc3 46. Rb2 Nxb5 47.
axb5 Bc3 48. Rb3 Rxe5 49. Rxe5 Bxe5 50. b6 Kf8 51. b7 Bb8 52. Bf2 Rc6 53. Rh3
Bc7 54. Rh8+ Ke7 55. Bh4+ Kd7 56. Rd8+ Bxd8 57. b8=Q Bxh4 58. Qb7+ Kd6 59. Qb4+
Kd7 60. Qxh4 Rg6+ 61. Kf3 Ke8 62. Qb4 Re6 63. Kf4 Rg6 64. Kf5 Re6 65. Qc5
1/2-1/2

[Event "London Classic ENG v ROW"]
[Site "London"]
[Date "2021.12.05"]
[Round "3.2"]
[White "Jones, Gawain C B"]
[Black "Gelfand, Boris"]
[Result "1/2-1/2"]
[WhiteElo "2665"]
[BlackElo "2663"]
[PlyCount "39"]
[EventDate "2021.12.03"]
[EventType "schev"]
[EventRounds "6"]
[EventCountry "ENG"]
[WhiteTeam "England"]
[BlackTeam "Rest of World"]
[WhiteTeamCountry "ENG"]

1. e4 c5 2. Nf3 d6 3. Bb5+ Bd7 4. Bxd7+ Qxd7 5. O-O Nf6 6. Re1 Nc6 7. c3 e6 8.
d4 cxd4 9. cxd4 d5 10. e5 Ne4 11. Nbd2 Nxd2 12. Bxd2 Bb4 13. h4 O-O 14. h5 h6
15. Bxb4 Nxb4 16. Re3 Rac8 17. Ne1 Nc6 18. Nf3 Nb4 19. Ne1 Nc6 20. Nf3 1/2-1/2

[Event "London Classic ENG v ROW"]
[Site "London"]
[Date "2021.12.05"]
[Round "3.3"]
[White "McShane, Luke J"]
[Black "Vitiugov, Nikita"]
[Result "0-1"]
[WhiteElo "2655"]
[BlackElo "2731"]
[PlyCount "84"]
[EventDate "2021.12.03"]
[EventType "schev"]
[EventRounds "6"]
[EventCountry "ENG"]
[WhiteTeam "England"]
[BlackTeam "Rest of World"]
[WhiteTeamCountry "ENG"]

1. e4 c5 2. Nc3 Nc6 3. g3 g6 4. Bg2 Bg7 5. d3 d6 6. Be3 Rb8 7. Qd2 b5 8. Nge2
b4 9. Nd1 Nd4 10. O-O e6 11. Kh1 a5 12. Rc1 h5 13. Ng1 e5 14. c3 Ne6 15. Nh3 h4
16. g4 Ne7 17. Qe2 Nc6 18. f4 exf4 19. Nxf4 Nxf4 20. Bxf4 h3 21. Bf3 bxc3 22.
bxc3 Ne5 23. Ne3 Ba6 24. Rcd1 O-O 25. Nd5 Bb7 26. d4 cxd4 27. cxd4 Nxf3 28.
Qxf3 Qd7 29. Qxh3 Rfe8 30. Qg2 Qe6 31. Nc7 Qe7 32. Bxd6 Qxd6 33. Nxe8 Rxe8 34.
d5 Qe5 35. Rd2 Bh6 36. Rb2 Ba6 37. Rd1 Bg5 38. d6 Bc4 39. d7 Rd8 40. Rb7 Bb5
41. Qc2 Qf4 42. Rxb5 Qf3+ 0-1

[Event "London Classic ENG v ROW"]
[Site "London"]
[Date "2021.12.07"]
[Round "4.2"]
[White "Vitiugov, Nikita"]
[Black "Jones, Gawain C B"]
[Result "1/2-1/2"]
[WhiteElo "2731"]
[BlackElo "2665"]
[PlyCount "46"]
[EventDate "2021.12.03"]
[EventType "schev"]
[EventRounds "6"]
[EventCountry "ENG"]
[WhiteTeam "Rest of World"]
[BlackTeam "England"]
[BlackTeamCountry "ENG"]

1. e4 e5 2. Nf3 Nc6 3. Bb5 a6 4. Ba4 Nf6 5. O-O Nxe4 6. d4 b5 7. Bb3 d5 8. dxe5
Be6 9. Nbd2 Nc5 10. c3 d4 11. Bxe6 Nxe6 12. cxd4 Ncxd4 13. Nxd4 Qxd4 14. a4 Rd8
15. axb5 axb5 16. Qc2 Bc5 17. Nf3 Qd3 18. Qxd3 Rxd3 19. Ra8+ Rd8 20. Ra5 Rd5
21. Ra8+ Rd8 22. Ra5 Rd5 23. Ra8+ Rd8 1/2-1/2

[Event "London Classic ENG v ROW"]
[Site "London"]
[Date "2021.12.07"]
[Round "4.3"]
[White "Lagarde, Maxime"]
[Black "McShane, Luke J"]
[Result "1/2-1/2"]
[WhiteElo "2638"]
[BlackElo "2655"]
[PlyCount "114"]
[EventDate "2021.12.03"]
[EventType "schev"]
[EventRounds "6"]
[EventCountry "ENG"]
[WhiteTeam "Rest of World"]
[BlackTeam "England"]
[BlackTeamCountry "ENG"]

1. Nf3 Nf6 2. c4 b6 3. g3 Bb7 4. Bg2 c5 5. O-O g6 6. b3 Bg7 7. Bb2 O-O 8. d4
cxd4 9. Qxd4 d6 10. Nc3 Nbd7 11. Ne1 Qc8 12. e4 a6 13. Qd2 e6 14. Nd3 Qc7 15.
Rfe1 Rfd8 16. Qe2 Nc5 17. Rad1 Nfd7 18. Nb4 Rac8 19. Rd2 Nf6 20. Red1 Ba8 21.
h3 Rb8 22. Qe3 Qe7 23. Ba3 Ne8 24. Ne2 Qc7 25. Nd4 Rbc8 26. Kh2 Qb7 27. f4 Nxe4
28. Ndc6 Nxd2 29. Rxd2 Qc7 30. Nxa6 Qd7 31. Nxd8 Qxd8 32. Nb4 h5 33. Bb2 Bxb2
34. Rxb2 Ng7 35. Bxa8 Rxa8 36. Rd2 Nf5 37. Qf3 Rc8 38. Nd3 b5 39. cxb5 Qa5 40.
Qf2 Qxb5 41. g4 hxg4 42. hxg4 Ne7 43. Qd4 Nc6 44. Qe3 Nb4 45. Nxb4 Qxb4 46. Qd4
Qb7 47. Qxd6 Qf3 48. Qe5 Qxg4 49. Qg5 Qf3 50. Rd8+ Rxd8 51. Qxd8+ Kg7 52. Qd4+
f6 53. Qa7+ Kh6 54. Qd4 Kh5 55. Qxf6 Qf2+ 56. Kh3 Qf3+ 57. Kh2 Qf2+ 1/2-1/2

[Event "London Classic ENG v ROW"]
[Site "London"]
[Date "2021.12.08"]
[Round "5.1"]
[White "Adams, Michael"]
[Black "Vitiugov, Nikita"]
[Result "1/2-1/2"]
[WhiteElo "2700"]
[BlackElo "2731"]
[PlyCount "61"]
[EventDate "2021.12.03"]
[EventType "schev"]
[EventRounds "6"]
[EventCountry "ENG"]
[WhiteTeam "England"]
[BlackTeam "Rest of World"]
[WhiteTeamCountry "ENG"]

1. e4 c5 2. Nf3 d6 3. Bb5+ Nd7 4. d4 cxd4 5. Qxd4 a6 6. Be2 Ngf6 7. O-O e5 8.
Qe3 Nc5 9. Nfd2 Be7 10. c4 O-O 11. Nc3 b5 12. cxb5 axb5 13. Bxb5 Bb7 14. Bc4
Ne6 15. b3 Nd4 16. Qd3 Ne6 17. Rd1 Qc8 18. Bb2 Nf4 19. Qf3 Kh8 20. Rac1 Qb8 21.
g3 Nh3+ 22. Kf1 Bd8 23. Na4 Bc8 24. Be2 Bg4 25. Qe3 Rxa4 26. bxa4 Qxb2 27. Nc4
Qb4 28. Qb3 Qc5 29. Qe3 Qb4 30. Qb3 Qc5 31. Qe3 1/2-1/2

[Event "London Classic ENG v ROW"]
[Site "London"]
[Date "2021.12.08"]
[Round "5.2"]
[White "Jones, Gawain C B"]
[Black "Lagarde, Maxime"]
[Result "1-0"]
[WhiteElo "2665"]
[BlackElo "2638"]
[PlyCount "73"]
[EventDate "2021.12.03"]
[EventType "schev"]
[EventRounds "6"]
[EventCountry "ENG"]
[WhiteTeam "England"]
[BlackTeam "Rest of World"]
[WhiteTeamCountry "ENG"]

1. e4 c5 2. Nf3 e6 3. c3 Nf6 4. e5 Nd5 5. d4 cxd4 6. cxd4 d6 7. Bc4 Be7 8. O-O
O-O 9. Qe2 Nc6 10. Rd1 Na5 11. Bd3 Nb4 12. Nc3 Nxd3 13. Rxd3 d5 14. Ne1 Qe8 15.
Rg3 f5 16. Nb5 f4 17. Rg4 Qc6 18. Rxf4 Bd7 19. Nc3 b5 20. Rg4 b4 21. Nd1 Qa4
22. Bh6 Rf7 23. Qe3 b3 24. Nc3 Qc4 25. Nd3 bxa2 26. Qg3 Bf8 27. Nf4 Kh8 28. Nh5
g6 29. Bg5 Be8 30. Bf6+ Kg8 31. Nf4 Rb7 32. Rxa2 Bb4 33. Ra1 Nb3 34. Rd1 Bf7
35. h4 Nxd4 36. Nxg6 hxg6 37. Rdxd4 1-0

[Event "London Classic ENG v ROW"]
[Site "London"]
[Date "2021.12.08"]
[Round "5.3"]
[White "McShane, Luke J"]
[Black "Gelfand, Boris"]
[Result "1/2-1/2"]
[WhiteElo "2655"]
[BlackElo "2663"]
[PlyCount "112"]
[EventDate "2021.12.03"]
[EventType "schev"]
[EventRounds "6"]
[EventCountry "ENG"]
[WhiteTeam "England"]
[BlackTeam "Rest of World"]
[WhiteTeamCountry "ENG"]

1. e4 c5 2. Nf3 Nc6 3. Bb5 e6 4. O-O Nge7 5. Re1 a6 6. Bf1 d5 7. exd5 Nxd5 8.
d4 Nf6 9. Be3 Be7 10. c4 O-O 11. Nc3 b6 12. d5 exd5 13. cxd5 Nb4 14. Bg5 h6 15.
Bh4 Bb7 16. Qb3 Nfxd5 17. Bxe7 Nxe7 18. Rad1 Qc7 19. Ne5 Rad8 20. Bc4 Rxd1 21.
Bxf7+ Kh8 22. Qxd1 Nbc6 23. Nd5 Qd8 24. Nxe7 Nxe5 25. Qxd8 Rxd8 26. Ng6+ Nxg6
27. Bxg6 Kg8 28. h4 Kf8 29. Re6 Bd5 30. Rxb6 Bxa2 31. Rxa6 Bf7 32. h5 Rb8 33.
f4 Bxg6 34. hxg6 Rxb2 35. f5 c4 36. Rc6 Rb5 37. g4 h5 38. Rc8+ Ke7 39. Rc7+ Kf8
40. Rf7+ Kg8 41. gxh5 c3 42. Rc7 Rxf5 43. Rc8+ Rf8 44. Rxc3 Rf5 45. Rc8+ Rf8
46. Rc5 Kh8 47. Kg2 Kg8 48. Kg3 Kh8 49. Kg4 Kg8 50. Rc7 Rf1 51. Rc8+ Rf8 52.
Rxf8+ Kxf8 53. Kf5 Kg8 54. Kg5 Kh8 55. h6 Kg8 56. h7+ Kh8 1/2-1/2

[Event "London Classic ENG v ROW"]
[Site "London"]
[Date "2021.12.09"]
[Round "6.3"]
[White "Vitiugov, Nikita"]
[Black "McShane, Luke J"]
[Result "1-0"]
[WhiteElo "2731"]
[BlackElo "2655"]
[PlyCount "79"]
[EventDate "2021.12.03"]
[EventType "schev"]
[EventRounds "6"]
[EventCountry "ENG"]
[WhiteTeam "Rest of World"]
[BlackTeam "England"]
[BlackTeamCountry "ENG"]

1. d4 Nf6 2. c4 e6 3. Nf3 b6 4. a3 Bb7 5. Nc3 d5 6. Bg5 Be7 7. Qa4+ Qd7 8. Qc2
dxc4 9. e3 Bxf3 10. gxf3 b5 11. a4 c6 12. Rg1 O-O 13. f4 a5 14. axb5 cxb5 15.
Bh6 g6 16. Bxf8 Kxf8 17. Bg2 Nc6 18. Qe2 Rb8 19. Ne4 a4 20. Kf1 Nd5 21. h4 h5
22. Bf3 Bxh4 23. Nc5 Qd6 24. Ne4 Qd7 25. Nc5 Qd6 26. Ne4 Qd8 27. Nc5 Ke7 28.
Be4 Bf6 29. Qf3 Rb6 30. Bxg6 Nxd4 31. exd4 Bxd4 32. Bxf7 Bxc5 33. Qxh5 Nf6 34.
Qxc5+ Kxf7 35. Rg3 Rb8 36. Qa7+ Ke8 37. Re1 Qd6 38. Rxe6+ Qxe6 39. Re3 Rb6 40.
Qxb6 1-0